000 00384nam a22001577a 4500
005 20250708133238.0
008 250708b |||||||| |||| 00| 0 eng d
020 _a978-0-7234-3827-4
050 _aQM 25.H86 2017
100 _aGOSLING J.A
245 _aHUMAN ANATOMY
260 _aAUSTRALIA
_bELSEVIER
_c2017
300 _aX,437
500 _aINCLUDES AN INDEX
942 _2lcc
_cBK
999 _c215853
_d215853